000 01301cam a22002054a 4500
005 20250605164235.0
008 250528s ||||||||||||||||||||||||d
035 _a21131
020 _a9781841693910
040 _aGR-AtMCL
_bgre
_dGR-AtMCL
_eAACR2
245 1 _aBusiness Psychology and Organisational Behaviour / A Student's Handbook
250 _a4th
260 _bPsychology Press, Ltd,
_c2006
300 _a800
520 _aPerspectives and Enquiry, Historical Influences and Research Methodology, The Individual, Personality, Intelligence and Psychological Testing, Motivation and Job Design, Perception, Communication, Learning and Memory, Information-Processing and Individual Decision Making, Attitudes and Values and Job Satisfaction and Commitment, The Group, Groups, Teambuilding, Leadership and Management Style, Power and Politics and Conflict, The Organisation, Organisational Structure and Design, Organisational Structure, Organisational Change and Development, Management and Organisational Issues, Human Resource Practices: Selection and Appraisal, Human Resource Practices: Rewards and Training and Development, Health and Work: Stress, Glossary, References, Author and Subject Index.
700 1 _aMckenna Eugene
_93756
942 _cBK
999 _c6199
_d6199